Kiến trúc nhà ở

KR303 ĐAKT 1 (Nhà ở 1)

সংরক্ষণ করুন:
গ্রন্থ-পঞ্জীর বিবরন
প্রধান লেখক: Đặng, Thái Hoàng
বিন্যাস: গ্রন্থ
ভাষা:Undetermined
প্রকাশিত: H. Xây dựng 2008
বিষয়গুলি:
অনলাইন ব্যবহার করুন:http://lrc.tdmu.edu.vn/opac/search/detail.asp?aID=2&ID=3673
ট্যাগগুলো: ট্যাগ যুক্ত করুন
কোনো ট্যাগ নেই, প্রথমজন হিসাবে ট্যাগ করুন!
Thư viện lưu trữ: Trung tâm Học liệu Trường Đại học Thủ Dầu Một
LEADER 00620nam a2200205Ia 4500
001 TDMU_3673
008 210410s9999 xx 000 0 und d
082 |a 728 
090 |b D212 
100 |a Đặng, Thái Hoàng 
245 0 |a Kiến trúc nhà ở 
245 0 |c Đặng Thái Hoàng 
260 |a H. 
260 |b Xây dựng 
260 |c 2008 
300 |a 250tr. 
520 |a KR303 ĐAKT 1 (Nhà ở 1) 
650 |a Kiến trúc nhà ở 
856 |u http://lrc.tdmu.edu.vn/opac/search/detail.asp?aID=2&ID=3673 
980 |a Trung tâm Học liệu Trường Đại học Thủ Dầu Một